[Event "Benigno Rivarola Memorial"]
[Site "Asuncion"]
[Date "2016.02.21"]
[Round "5.5"]
[White "Espinoza, C Enrique E"]
[Black "Lugo, Manuel"]
[Result "1-0"]
[WhiteElo "1794"]
[BlackElo "1664"]
[PlyCount "111"]
[EventDate "2016.02.20"]
[EventType "tourn"]
[EventRounds "9"]
[EventCountry "PAR"]
[SourceTitle "EXT 2023"]
[Source "ChessBase"]
[SourceDate "2022.10.05"]
[SourceVersion "1"]
[SourceVersionDate "2022.10.05"]
[SourceQuality "1"]

1. d4 Nf6 2. Nf3 e6 3. Bf4 c5 4. e3 d5 5. c3 Nc6 6. Nbd2 Bd6 7. Bg3 0-0 8. Bd3 b6 9. Ne5 Qc7 10. f4 Ne7 11. Bf2 Bb7 12. g4 Ne4 13. Qc2 Bxe5 14. fxe5 Nxf2 15. Kxf2 f6 16. exf6 Rxf6+ 17. Kg2 h6 18. Raf1 Raf8 19. Rxf6 Rxf6 20. Nf3 Nc6 21. Rf1 e5 22. Bh7+ Kh8 23. g5 hxg5 24. Nxg5 Rxf1 25. Kxf1 Qe7 26. Qf5 Nd8 27. dxe5 Bc8 28. Qf4 Ne6 29. Nxe6 Qxe6 30. Bd3 Kg8 31. c4 Ba6 32. b3 Bb7 33. Bf5 Qc6 34. e6 dxc4 35. Qb8+ Bc8 36. e4 cxb3 37. axb3 Qb7 38. Qe5 Qa6+ 39. Ke1 Qa5+ 40. Kd1 Qb5 41. Qd6 Qxb3+ 42. Kd2 Qb4+ 43. Ke3 Qd4+ 44. Qxd4 cxd4+ 45. Kxd4 Bb7 46. Ke5 Bc6 47. Kd6 Bb5 48. Bg6 a5 49. e7 a4 50. e5 a3 51. Bb1 Be8 52. Ba2+ Kh7 53. Kc7 Kg6 54. Kd8 Bc6 55. e8Q+ Bxe8 56. Kxe8 1-0

[Event "Benigno Rivarola Memorial"]
[Site "Asuncion"]
[Date "2016.02.20"]
[Round "3.5"]
[White "Mayeregger, Arnold"]
[Black "Espinoza, C Enrique E"]
[Result "0-1"]
[WhiteElo "1466"]
[BlackElo "1794"]
[PlyCount "110"]
[EventDate "2016.02.20"]
[EventType "tourn"]
[EventRounds "9"]
[EventCountry "PAR"]
[SourceTitle "EXT 2023"]
[Source "ChessBase"]
[SourceDate "2022.10.05"]
[SourceVersion "1"]
[SourceVersionDate "2022.10.05"]
[SourceQuality "1"]

1. d4 c5 2. e4 g6 3. Nf3 Bg7 4. Nc3 cxd4 5. Nxd4 a6 6. Bc4 Nc6 7. Be3 d6 8. 0-0 Nf6 9. h3 0-0 10. Bb3 Qc7 11. Qd2 Rd8 12. Nf3 b5 13. Bg5 Be6 14. Bxe6 fxe6 15. Bh6 b4 16. Nd1 Nxe4 17. Qe3 d5 18. Bxg7 Kxg7 19. Rc1 Qa7 20. Qd3 Rf8 21. Re1 Rf4 22. Rxe4 Rxe4 23. Ne3 h6 24. Nxd5 exd5 25. Qxd5 Re2 26. Rf1 Rxc2 27. Qe4 Rc5 28. Nh4 Ne5 29. Kh1 Qb8 30. f4 Rc4 31. Qd5 Ra7 32. fxe5 Rxh4 33. Qf7+ Kh8 34. Qxg6 Qg8 35. Qb6 Ra8 36. e6 Rf8 37. Rd1 Rhf4 38. Qxa6 Rf2 39. Rg1 Qg3 40. Qb7 Rf1 41. Qxe7 Rxg1+ 42. Kxg1 Qf2+ 43. Kh2 Rg8 44. Qb7 Qg3+ 45. Kh1 Qe1+ 46. Kh2 Qxe6 47. Qxb4 Qe5+ 48. Kg1 Rb8 49. Qd2 Qc5+ 50. Kh2 Qc7+ 51. Kg1 Qb6+ 52. Kh2 Rd8 53. Qc3+ Qd4 54. Qb3 Qd6+ 55. Kg1 Qd1+ 0-1

[Event "Benigno Rivarola Memorial"]
[Site "Asuncion"]
[Date "2016.02.20"]
[Round "1.4"]
[White "Recalde, Ariel"]
[Black "Espinoza, C Enrique E"]
[Result "1-0"]
[WhiteElo "1929"]
[BlackElo "1794"]
[PlyCount "69"]
[EventDate "2016.02.20"]
[EventType "tourn"]
[EventRounds "9"]
[EventCountry "PAR"]
[SourceTitle "EXT 2023"]
[Source "ChessBase"]
[SourceDate "2022.10.05"]
[SourceVersion "1"]
[SourceVersionDate "2022.10.05"]
[SourceQuality "1"]

1. d4 d6 2. Nf3 g6 3. c4 Bg7 4. e4 Nf6 5. Nc3 0-0 6. Be2 Nc6 7. 0-0 e5 8. d5 Ne7 9. Ne1 Ne8 10. Be3 Bd7 11. Nd3 f5 12. f3 Nf6 13. c5 f4 14. Bf2 g5 15. b4 h5 16. b5 g4 17. c6 bxc6 18. bxc6 gxf3 19. Bxf3 Bg4 20. Rb1 Ng6 21. Rb7 Bxf3 22. Qxf3 Ng4 23. Nb5 Nh4 24. Bxh4 Qxh4 25. h3 Ne3 26. Nxc7 Rf6 27. Ne6 Rg6 28. Rf2 Rg3 29. Rxg7+ Rxg7 30. Nxg7 Kxg7 31. Rb2 Kh6 32. c7 Rg8 33. Rb8 Rxg2+ 34. Qxg2 Nxg2 35. c8Q 1-0

[Event "Asuncion Clasificatorio op 3rd"]
[Site "Asuncion"]
[Date "2015.07.19"]
[Round "5.3"]
[White "Recalde, Ariel"]
[Black "Espinoza, C Enrique E"]
[Result "1-0"]
[WhiteElo "1953"]
[BlackElo "1807"]
[PlyCount "31"]
[EventDate "2015.07.17"]
[EventType "swiss"]
[EventRounds "7"]
[EventCountry "PAR"]
[SourceTitle "EXT 2023"]
[Source "ChessBase"]
[SourceDate "2022.10.05"]
[SourceVersion "1"]
[SourceVersionDate "2022.10.05"]
[SourceQuality "1"]

1. Nf3 Nf6 2. d4 g6 3. c4 Bg7 4. Nc3 0-0 5. e4 d6 6. Be2 e5 7. 0-0 Nbd7 8. d5 Nc5 9. Qc2 a5 10. a3 a4 11. Be3 Bd7 12. Bxc5 dxc5 13. Nxe5 Nxd5 14. Nxd7 Nxc3 15. Nxf8 Kxf8 16. bxc3 1-0

[Event "Asuncion Clasificatorio op 3rd"]
[Site "Asuncion"]
[Date "2015.07.18"]
[Round "3.12"]
[White "Espinoza, C Enrique E"]
[Black "Sanchez Morel, Araceli"]
[Result "1-0"]
[WhiteElo "1807"]
[BlackElo "1197"]
[PlyCount "163"]
[EventDate "2015.07.17"]
[EventType "swiss"]
[EventRounds "7"]
[EventCountry "PAR"]
[SourceTitle "EXT 2023"]
[Source "ChessBase"]
[SourceDate "2022.10.05"]
[SourceVersion "1"]
[SourceVersionDate "2022.10.05"]
[SourceQuality "1"]

1. d4 Nf6 2. Nf3 e6 3. Bf4 c5 4. e3 Nc6 5. c3 Qb6 6. Qc2 d5 7. Nbd2 Bd7 8. Be2 Rc8 9. Qb3 Qxb3 10. axb3 a6 11. Ne5 h6 12. 0-0 g5 13. Bg3 h5 14. Nxc6 Bxc6 15. Be5 Rh6 16. Bxf6 Rxf6 17. Bxh5 Rh6 18. Be2 Bd6 19. Nf3 Ke7 20. g3 Rch8 21. h4 gxh4 22. Nxh4 Rg8 23. Nf3 Rgh8 24. Kg2 f6 25. Rh1 cxd4 26. Rxh6 Rxh6 27. Nxd4 Be8 28. Bf3 Bg6 29. b4 e5 30. Nb3 e4 31. Be2 Kd7 32. Ra5 Bh5 33. Bxh5 Rxh5 34. Nc5+ Bxc5 35. Rxc5 Kd6 36. Ra5 Rh8 37. b5 axb5 38. Rxb5 Kc6 39. Ra5 b6 40. Ra7 Rf8 41. b3 Kb5 42. Rc7 Ra8 43. c4+ dxc4 44. bxc4+ Kb4 45. Rc6 Rb8 46. g4 Rf8 47. Kg3 f5 48. g5 Kc3 49. Rxb6 Kxc4 50. Rf6 Rg8 51. Rxf5 Kd3 52. Kg4 Ke2 53. Kh5 Rh8+ 54. Kg6 Rh2 55. Re5 Kd3 56. Rf5 Ke2 57. Rf4 Kd3 58. Kf7 Ke2 59. Rxe4 Rxf2+ 60. Rf4 Rg2 61. g6 Kxe3 62. Rf6 Ke4 63. g7 Ke5 64. Rf1 Rxg7+ 65. Kxg7 Ke4 66. Kg6 Ke5 67. Rf5+ Ke4 68. Kf6 Ke3 69. Ke5 Kd3 70. Rf4 Ke3 71. Rd4 Kf3 72. Re4 Kg3 73. Rf4 Kh3 74. Kf5 Kg3 75. Kg5 Kh3 76. Rg4 Kh2 77. Kf4 Kh3 78. Kf3 Kh2 79. Rg3 Kh1 80. Kf2 Kh2 81. Re3 Kh1 82. Rh3# 1-0

[Event "Asuncion IRT op "]
[Site "Asuncion"]
[Date "2015.02.21"]
[Round "2"]
[White "Espinoza, C Enrique E"]
[Black "Florentin, Damaso"]
[Result "1/2-1/2"]
[WhiteElo "1884"]
[BlackElo "1661"]
[PlyCount "177"]
[EventDate "2015.02.20"]
[EventType "swiss"]
[EventRounds "9"]
[EventCountry "PAR"]
[SourceTitle "EXT 2017"]
[Source "ChessBase"]
[SourceDate "2016.10.25"]
[SourceVersion "1"]
[SourceVersionDate "2016.10.25"]
[SourceQuality "1"]

1. d4 d6 2. Nf3 Bg4 3. Bf4 c6 4. c3 Nd7 5. Nbd2 Qc7 6. e4 e5 7. Bg3 Ngf6 8. h3 Bh5 9. Be2 Be7 10. 0-0 0-0 11. Ne1 Bg6 12. f3 c5 13. Rc1 a6 14. Nd3 b5 15. d5 Nh5 16. Bh2 Bg5 17. g3 Be3+ 18. Kg2 f5 19. Nf2 f4 20. g4 Nhf6 21. Rc2 c4 22. Qb1 h5 23. Nd1 Ba7 24. a4 Nb6 25. axb5 axb5 26. b3 Rfb8 27. Nb2 cxb3 28. Nxb3 Nbxd5 29. exd5 Nxd5 30. Nd1 b4 31. c4 Nc3 32. Qb2 Nxe2 33. Rxe2 Qxc4 34. Nf2 Bxf2 35. Rfxf2 Ra3 36. Nd2 Qe6 37. Nb1 Rb3 38. Qd2 hxg4 39. hxg4 Rxb1 40. Bxf4 Qf6 41. Bg5 Qe6 42. Re1 Rxe1 43. Qxe1 e4 44. Kg3 b3 45. Bc1 d5 46. Bb2 Qd6+ 47. f4 d4 48. Rd2 Rf8 49. Qe3 d3 50. Be5 Qd5 51. Qa7 Bf7 52. g5 Ra8 53. Qc7 Qd8 54. Qc3 Ra2 55. g6 Bxg6 56. Qxb3+ Bf7 57. Qc3 Rxd2 58. Qxd2 Qb6 59. Qc1 Qg6+ 60. Kf2 Qg4 61. Qe3 Bg6 62. Bc3 Bf5 63. Bd2 Kf7 64. Qa7+ Kg6 65. Qb6+ Kh5 66. Qe3 Qh3 67. Qg3 Bg4 68. Qxh3+ Bxh3 69. Kg3 Bf1 70. Be3 g6 71. Bd2 Be2 72. Be3 Bg4 73. Bd2 Bf5 74. Be3 Kh6 75. Bd2 Kg7 76. Kf2 Kf6 77. Be3 Ke6 78. Ke1 Kd5 79. Kd2 Kc4 80. Bf2 Kb3 81. Be3 Bg4 82. Bf2 Be2 83. Be3 Kc4 84. Bf2 Kd5 85. Be3 Ke6 86. Ke1 Kf5 87. Kf2 Kg4 88. Bd2 Bd1 89. Be3 1/2-1/2